000 00340nam a2200145Ia 4500
005 20251222151312.0
008 251222s9999||||xx |||||||||||||| ||spa||
020 _a9786123041991
082 _a637.4 I79
100 _aIsique Huarona, Jefferson
245 0 _aElaboracion de helados
250 _a1ra.ed.
264 _bMacro
942 _cLIB
999 _c23407
_d23407